000 nam a22 7a 4500
999 _c7363
_d7363
008 170818b xxu||||| |||| 00| 0 eng d
100 _aMicrosoft
_93900
245 _aMicrosoft office XP Standard for students and teachers
260 _aUSA
_bMicrosoft press
_c1993